000 00876nas a2200277 4500
001 BR9512374
003 BR-BrBNA
005 20231205095635.0
007 ta
008 230509b bl.|||p| |||| 00| 00por d
040 _aBR-BrBNA
_bpor
_cBiblioteca Nacional de Agricultura
041 _a(Pt)
072 _aL01
100 1 _aPrado, E.
100 1 _aCruz, F.E.R.
100 1 _aVianna, F.C.
100 1 _aTorres, A.M.C.
100 1 _aReis, D.L.
245 1 _aAvaliacao de desempenho tecnico economico de exploracoes leiteiras em Divinopolis - MG, segundo a forma de producao
650 _aLeite
650 _aProducao Leiteira
650 _aMinas Gerais
773 0 _tArquivo Brasileiro de Medicina Veterinaria e Zootecnia (Brazil)
_xISSN 0102-0935
_g(Jun 1995), v. 47(3) p. 361-372
_wBR9512374
909 _a202311
_bLúcia
_c55
_dLúcia Elande
942 _2AGRIS
_n0
_cANA
999 _c151862
_d151862